Gaming Quiz

Random Gaming Quiz

The Sims 3 Moonlight Bay Sims Quiz Stats

 Plays Quiz not verified by Sporcle

Challenge
Share
Tweet
Embed
Score 0/37 Timer 12:00
0 Plays Today
Sims % Correct
Georgia Idaho
84.4%
John Nelson
78.1%
Roxy Nelson
78.1%
Marie Idaho
75%
James Leary
75%
Sofi Nelson
71.9%
Kara Leary
71.9%
Cookie Leary
71.9%
Rain Leary
71.9%
Malcolm Landgraab
71.9%
Hannelore Landgraab
71.9%
Penny Aragon
68.8%
Liara Kozen
68.8%
Rita Nelson
68.8%
Alice Rannt
68.8%
Sunshine Leary
68.8%
Heather Vasquez
68.8%
Tyler Vasquez
68.8%
Cevin Faron
68.8%
Sims % Correct
Willow Lynd
68.8%
Irwin Idaho
65.6%
Alia Zhang
65.6%
Atticus Zhang
65.6%
Trevor Burton
65.6%
Morgan Flynn
65.6%
Michael Zhang
62.5%
Randy Monroe
62.5%
Herger Monroe
62.5%
Adrien Landgraab
62.5%
Byron Rannt
59.4%
William Conner
59.4%
Elaine Austen
59.4%
Crichton Nelson
56.3%
Logan Ryan
56.3%
River Conner
56.3%
Marcella Monroe
56.3%
Leonard Ryan
53.1%

You're not logged in!

Compare scores with friends on all Sporcle quizzes.
OR
Log In

You Might Also Like...

Show Comments

Extras

Created Jul 13, 2015ReportNominate
Tags:bay, sim, The Sims

Top Quizzes Today


Score Distribution

Your Account Isn't Verified!

In order to create a playlist on Sporcle, you need to verify the email address you used during registration. Go to your Sporcle Settings to finish the process.

Report this User

Report this user for behavior that violates our Community Guidelines.

Details: